<?xml version="1.0" encoding="UTF-8"?>
<collection xmlns="http://www.loc.gov/MARC21/slim">
<record>
  <controlfield tag="001">169735</controlfield>
  <controlfield tag="005">20260304131018.0</controlfield>
  <datafield tag="037" ind1=" " ind2=" ">
    <subfield code="a">TAZ-TFG-2026-135</subfield>
  </datafield>
  <datafield tag="041" ind1=" " ind2=" ">
    <subfield code="a">spa</subfield>
  </datafield>
  <datafield tag="100" ind1="1" ind2=" ">
    <subfield code="a">Madurga Buil, Andrea</subfield>
  </datafield>
  <datafield tag="242" ind1="0" ind2="0">
    <subfield code="a">Flooring Mortar Screed Quality Control</subfield>
  </datafield>
  <datafield tag="245" ind1="0" ind2="0">
    <subfield code="a">Control de calidad de los recrecidos de morteros para solados</subfield>
  </datafield>
  <datafield tag="260" ind1=" " ind2=" ">
    <subfield code="a">Zaragoza</subfield>
    <subfield code="b">Universidad de Zaragoza</subfield>
    <subfield code="c">2026</subfield>
  </datafield>
  <datafield tag="506" ind1=" " ind2=" ">
    <subfield code="a">by-nc-sa</subfield>
    <subfield code="b">Creative Commons</subfield>
    <subfield code="c">3.0</subfield>
    <subfield code="u">http://creativecommons.org/licenses/by-nc-sa/3.0/</subfield>
  </datafield>
  <datafield tag="520" ind1=" " ind2=" ">
    <subfield code="a">Este Trabajo Fin de Grado trata el control de calidad de los recrecidos de mortero para solados, una capa esencial en los sistemas de pavimentación, ya que influye directamente en la durabilidad, estabilidad y calidad del pavimento final.&lt;br />A lo largo del trabajo se analiza la evolución y composición del mortero, así como los principales tipos utilizados en construcción, prestando especial atención a los recrecidos. Además, se estudian los componentes básicos del recrecido, ligante, áridos y agua, y su correcta dosificación, destacando su influencia en las propiedades mecánicas y físicas del material.&lt;br />Asimismo, se examinan las propiedades más relevantes que condicionan la calidad del recrecido, como la resistencia a compresión y flexión, la adherencia al soporte, la porosidad, la retracción y el comportamiento frente a la humedad y las variaciones térmicas. Estas propiedades se relacionan con las diferentes aplicaciones del recrecido y con las exigencias normativas vigentes.&lt;br />El trabajo incluye el análisis de patologías frecuentes en los recrecidos de mortero, identificando sus causas y consecuencias y pone de manifiesto que la mayoría de los defectos se deben a una ejecución inadecuada o a la ausencia de un control riguroso. Asimismo, también se procede al análisis de casos prácticos, exponiendo los ensayos realizados y los resultados obtenidos.&lt;br />Finalmente, se propone una metodología de control de calidad aplicada a las fases de proyecto y ejecución, con el objetivo de mejorar la durabilidad de los solados y garantizar un resultado constructivo adecuado.&lt;br />&lt;br /></subfield>
  </datafield>
  <datafield tag="521" ind1=" " ind2=" ">
    <subfield code="a">Graduado en Arquitectura Técnica</subfield>
  </datafield>
  <datafield tag="540" ind1=" " ind2=" ">
    <subfield code="a">Derechos regulados por licencia Creative Commons</subfield>
  </datafield>
  <datafield tag="856" ind1="0" ind2=" ">
    <subfield code="f">841573@celes.unizar.es</subfield>
  </datafield>
  <datafield tag="856" ind1="4" ind2=" ">
    <subfield code="s">3419751</subfield>
    <subfield code="u">http://zaguan.unizar.es/record/169735/files/TAZ-TFG-2026-135.pdf</subfield>
    <subfield code="y">Memoria (spa)</subfield>
  </datafield>
  <datafield tag="909" ind1="C" ind2="O">
    <subfield code="o">oai:zaguan.unizar.es:169735</subfield>
    <subfield code="p">driver</subfield>
    <subfield code="p">trabajos-fin-grado</subfield>
  </datafield>
  <datafield tag="950" ind1=" " ind2=" ">
    <subfield code="a"></subfield>
  </datafield>
  <datafield tag="691" ind1=" " ind2=" ">
    <subfield code="a">11 12 13</subfield>
  </datafield>
  <datafield tag="692" ind1=" " ind2=" ">
    <subfield code="a">Este trabajo contribuye al ODS 11 al favorecer edificios más seguros, funcionales y duraderos, reduciendo patologías que afectan a la habitabilidad y seguridad; al ODS 12 al promover un uso más eficiente de materiales y recursos, evitando rehacer trabajos por fallos de ejecución y alargando la vida útil de los sistemas constructivos; y al ODS 13 al reducir indirectamente el impacto ambiental de la construcción, ya que una mayor durabilidad y menos reparaciones implican menor consumo de materiales y energía durante el ciclo de vida del edificio.</subfield>
  </datafield>
  <datafield tag="700" ind1=" " ind2=" ">
    <subfield code="a">Arguedas Izquierdo, Gonzalo</subfield>
    <subfield code="e">dir.</subfield>
  </datafield>
  <datafield tag="710" ind1="2" ind2=" ">
    <subfield code="a">Universidad de Zaragoza</subfield>
    <subfield code="b"> </subfield>
    <subfield code="c"></subfield>
  </datafield>
  <datafield tag="720" ind1="2" ind2=" ">
    <subfield code="a">Mingarro Montori, Luis (Codirector)</subfield>
    <subfield code="e">ponente</subfield>
  </datafield>
  <datafield tag="980" ind1=" " ind2=" ">
    <subfield code="a">TAZ</subfield>
    <subfield code="b">TFG</subfield>
    <subfield code="c">ALM</subfield>
  </datafield>
  <datafield tag="999" ind1=" " ind2=" ">
    <subfield code="a">20260126091456.CREATION_DATE</subfield>
  </datafield>
  <datafield tag="951" ind1=" " ind2=" ">
    <subfield code="a">deposita:2026-03-04</subfield>
  </datafield>
</record>
</collection>